| 000 | 01120nam a22002537a 4500 | ||
|---|---|---|---|
| 005 | 20110708111942.0 | ||
| 008 | 110708t xxu||||| |||| 00| 0 mar d | ||
| 010 | _aMAR-21047 | ||
| 020 |
_a9788174345370 _c150.00 |
||
| 035 | _aMR-13705 | ||
| 037 | _bDBAD/PUB | ||
| 040 |
_aDPL _bMR |
||
| 082 | _a370.113 | ||
| 100 |
_aवांदिले,सुरेश _929276 |
||
| 245 |
_aसमृद्धीच्या दिशेने करियर / _cसुरेश वांदिले |
||
| 246 |
_aSamruddheechya Dishene Kareeyar _bby Suresh Vandile |
||
| 250 | _aतृतीय आवृती | ||
| 260 |
_aपुणे _bराजहँस प्रकाशन _c2011 |
||
| 270 |
_a1025,सदाशिव पेठ _bपुणे _e411030 |
||
| 300 |
_aआठ,175पृ. _c22सेमी(अजिल्द) |
||
| 700 | _929298 | ||
| 942 |
_2ddc _cMR _mवांदिले _h370.113 |
||
| 999 |
_c53672 _d53672 |
||